|
|
|
|
| LEADER |
00000naa2a2200000 4500 |
| 001 |
622086 |
| 005 |
20231101133208.0 |
| 035 |
|
|
|a (RuTPU)RU\TPU\conf\20738
|
| 035 |
|
|
|a RU\TPU\conf\20736
|
| 090 |
|
|
|a 622086
|
| 100 |
|
|
|a 20170206d2016 k y0rusy50 ca
|
| 101 |
0 |
|
|a rus
|g rus
|
| 102 |
|
|
|a RU
|
| 105 |
|
|
|a y z 101zy
|
| 135 |
|
|
|a drgn ---uucaa
|
| 181 |
|
0 |
|a i
|
| 182 |
|
0 |
|a b
|
| 200 |
1 |
|
|a Идентификация динамических объектов методом изображающих векторов
|f А. В. Пономарева, Ю. Н. Шалаев
|
| 203 |
|
|
|a Текст
|c электронный
|
| 225 |
1 |
|
|a Микропроцессорные системы, компьютерные сети и телекоммуникации
|
| 230 |
|
|
|a 1 компьютерный файл (pdf; 325 Кb)
|
| 300 |
|
|
|a Заглавие с титульного экрана
|
| 320 |
|
|
|a [Библиогр.: с. 69-70 (7 назв.)]
|
| 461 |
|
1 |
|0 (RuTPU)RU\TPU\conf\20573
|t Молодежь и современные информационные технологии
|o сборник трудов XIV Международной научно-практической конференции студентов, аспирантов и молодых ученых, г. Томск, 7-11 ноября 2016 г.
|o в 2 т.
|f Национальный исследовательский Томский политехнический университет (ТПУ), Институт кибернетики (ИК) ; под ред. В. С. Аврамчук [и др.]
|d 2016
|
| 463 |
|
0 |
|0 (RuTPU)RU\TPU\conf\20574
|t Т. 1
|v [С. 68-70]
|d 2016
|
| 610 |
1 |
|
|a труды учёных ТПУ
|
| 610 |
1 |
|
|a электронный ресурс
|
| 610 |
1 |
|
|a идентификация
|
| 610 |
1 |
|
|a динамические объекты
|
| 610 |
1 |
|
|a изображающие векторы
|
| 610 |
1 |
|
|a выходные сигналы
|
| 700 |
|
1 |
|a Пономарева
|b А. В.
|c специалист в области информатики и вычислительной техники
|c программист Томского политехнического университета
|f 1993-
|g Анна Владимировна
|2 stltpush
|3 (RuTPU)RU\TPU\pers\38444
|
| 701 |
|
1 |
|a Шалаев
|b Ю. Н.
|c специалист в области информатики и вычислительной техники
|c доцент Томского политехнического университета, кандидат технических наук
|f 1943-
|g Юрий Николаевич
|2 stltpush
|3 (RuTPU)RU\TPU\pers\25414
|
| 712 |
0 |
2 |
|a Национальный исследовательский Томский политехнический университет (ТПУ)
|b Институт кибернетики (ИК)
|2 stltpush
|3 (RuTPU)RU\TPU\col\18397
|
| 712 |
0 |
2 |
|a Национальный исследовательский Томский политехнический университет (ТПУ)
|b Физико-технический институт (ФТИ)
|b Научный отдел (НО)
|h 6462
|2 stltpush
|3 (RuTPU)RU\TPU\col\21283
|
| 801 |
|
2 |
|a RU
|b 63413507
|c 20170428
|g RCR
|
| 856 |
4 |
|
|u http://earchive.tpu.ru/handle/11683/36951
|
| 942 |
|
|
|c BK
|